00469nam a2200157Ia 45000010006000000050017000060080041000230410008000640820026000721000047000982450128001452600009002733000013002826500008002956540008003031731520260306171508.0260306s9999||||xx |||||||||||||| ||und|| aESP a657.61bR31 2009 T. 1 aParedes Réategui, Carlos [1951-...]eAUT 0aNormas internacionales de contabilidad:bNormas internacionales de información financiera. Interprestaciones SIC y CINIIF c2009 ac25 cm. aGEN aCCO